Narrativa breve / (Registro nro. 3025)
[ vista simple ]
| 000 -LEADER | |
|---|---|
| campo de control de longitud fija | 00919nam a2200241 a 4500 |
| 001 - NÚMERO DE CONTROL | |
| campo de control | 3990672 |
| 003 - IDENTIFICADOR DE NÚMERO DE CONTROL | |
| campo de control | OSt |
| 005 - FECHA Y HORA DE LA ÚLTIMA TRANSACCIÓN | |
| campo de control | 20240624171629.0 |
| 007 - CAMPO FIJO DE DESCRIPCIÓN FÍSICA--INFORMACIÓN GENERAL | |
| campo de control de longitud fija | ta |
| 008 - DATOS DE LONGITUD FIJA--INFORMACIÓN GENERAL | |
| campo de control de longitud fija | 950912s1995 gt a b 000 1 spa |
| 040 ## - FUENTE DE CATALOGACIÓN | |
| Centro catalogador/agencia de origen | CUSACQ |
| Centro/agencia transcriptor | CUSACQ |
| 041 ## - CÓDIGO DE IDIOMA | |
| Código de lengua del texto/banda sonora o título independiente | spa |
| Código de lengua de los libretos | spa |
| Código de lengua original | spa |
| 082 00 - NÚMERO DE LA CLASIFICACIÓN DECIMAL DEWEY | |
| Número de clasificación | S.G. 863 N234 |
| 100 1# - ENTRADA PRINCIPAL--NOMBRE DE PERSONA | |
| Nombre de persona | Herrera, Flavio, |
| Fechas asociadas al nombre | 1895- |
| 9 (RLIN) | 8352 |
| 240 10 - TÍTULO UNIFORME | |
| Título uniforme | cuentos cortos. |
| 245 10 - MENCIÓN DEL TÍTULO | |
| Título | Narrativa breve / |
| Mención de responsabilidad, etc. | Flavio Herrera. |
| Resto del título | La lente opaca-El hilo de sol Cenizas, 7 mujeres y un niño. |
| Medio | libro. |
| 260 ## - PUBLICACIÓN, DISTRIBUCIÓN, ETC. | |
| Lugar de publicación, distribución, etc. | Guatemala : |
| Nombre del editor, distribuidor, etc. | Universidad de San Carlos de Guatemala, |
| Fecha de publicación, distribución, etc. | [1995?] |
| 300 ## - DESCRIPCIÓN FÍSICA | |
| Extensión | xxi, 151 p. : |
| Otras características físicas | ill. ; |
| Dimensiones | 21 cm. |
| 440 #0 - MENCIÓN DE SERIE/PUNTO DE ACCESO ADICIONAL--TÍTULO | |
| Título | Colección Centenario Flavio Herrera, 1895-1995 ; |
| Designación de volumen o secuencia | vol. no. 2 |
| 9 (RLIN) | 8353 |
| 504 ## - NOTA DE BIBLIOGRAFÍA, ETC. | |
| Nota de bibliografía, etc. | Incluye referencias bibliográficas. (p. 151). |
| 505 0# - NOTA DE CONTENIDO CON FORMATO | |
| Nota de contenido con formato | Presentación -- La lente opaca, el hilo de sol -- Cenizas -- 7 mujeres y un niño -- Cronología -- Flavio Herrera y su época. |
| 942 ## - ELEMENTOS DE ENTRADA SECUNDARIOS (KOHA) | |
| Fuente del sistema de clasificación o colocación | Clasificación Decimal Dewey |
| Tipo de ítem Koha | Libros |
| Suprimir en OPAC | No |
| Estatus retirado | Estado de pérdida | Fuente del sistema de clasificación o colocación | Estado de daño | No para préstamo | Código de colección | Biblioteca de origen | Biblioteca actual | Ubicación en estantería | Fecha de adquisición | Fuente de adquisición | Número de inventario | Total de préstamos | Signatura topográfica completa | Código de barras | Visto por última vez | Copia número | Precio de reemplazo | Tipo de ítem Koha |
|---|---|---|---|---|---|---|---|---|---|---|---|---|---|---|---|---|---|---|
| Clasificación Decimal Dewey | No ficción | Biblioteca del Centro Universitario de Quiché | Biblioteca del Centro Universitario de Quiché | Exhibido | 24/06/2024 | Donación | IVGL000229 | S.G. 863 N234 | 500183 | 24/06/2024 | 1 | 24/06/2024 | Libros | |||||
| Clasificación Decimal Dewey | No ficción | Biblioteca del Centro Universitario de Quiché | Biblioteca del Centro Universitario de Quiché | Exhibido | 24/06/2024 | Donación | IVGL000230 | S.G. 863 N234 | 500185 | 24/06/2024 | 2 | 24/06/2024 | Libros | |||||
| Clasificación Decimal Dewey | No ficción | Biblioteca del Centro Universitario de Quiché | Biblioteca del Centro Universitario de Quiché | Exhibido | 24/06/2024 | Donación | IVGL000231 | S.G. 863 N234 | 500182 | 24/06/2024 | 3 | 24/06/2024 | Libros | |||||
| Clasificación Decimal Dewey | No ficción | Biblioteca del Centro Universitario de Quiché | Biblioteca del Centro Universitario de Quiché | Exhibido | 24/06/2024 | Donación | IVGL000232 | S.G. 863 N234 | 500181 | 24/06/2024 | 4 | 24/06/2024 | Libros |

